000 00322pam a2200133a 44500
008 230405s2022 xxu||||| |||| 00| 0 eng d
041 _aENG
100 _aDR V.M .SHINDE
245 _aHERBAL DRUG TECHNOLOGY ( DR.V.M SHINDE )
250 _a4
260 _aPUNE
_bNIRALI PRAKASHAN
_c2022
300 _a9.5
906 _a2666
999 _c277937
_d277937